Most Populated Region of Each American Country - Statistics

General Stats
  • This quiz has been taken 7 times
  • The average score is 18 of 35
Answer Stats
Country Population
of Region
Type of region Answer % Correct
Cuba 2.1 Mil. Province / City Havana
100%
Argentina 17.5 Mil. Province Buenos Aires
86%
United States of America 39.5 Mil. Federated State California
86%
Bolivia 2.7 Mil. Department La Paz
86%
Canada 13..6 Mil. Province Ontario
86%
Panama 1.4 Mil. Province Panama
86%
Dominica 21 k Parish Saint George
86%
Grenada 35 k Parish Saint George
86%
Saint Vincent andthe Grenadines 51 k Parish Saint George
86%
Chile 6.6 Mil. Region Santiago
86%
Brazil 41.2 Mil. Federated States Sao Paulo
86%
Belize 110 k District Belize City
71%
Saint Lucia 64 k Quarter Castries
71%
Guatemala 2.5 Mil. Department Guatemala City
71%
Perù 7.6 Mil. Region Lima
71%
Nicaragua 1.2 Mil. Department Managua
71%
Uruguay 1.3 Mil. Department Montevideo
71%
Antigua and Barbuda 49 k Parish Saint John
71%
Costa Rica 1.4 Mil. Province San José
71%
Suriname 240 k District Paramaribo
57%
El Salvador 1.5 Mil. Department San Salvador
57%
Bahamas 274 k District / Island New Providence
43%
Jamaica 573 k Parish Saint Andrew
29%
Barbados 88 k Parish Saint Michael
29%
Venezuela 3.7 Mil. Federated State Zulia
29%
Colombia 6.8 Mil. Department / District Capital District
14%
Paraguay 1.3 Mil. Department Central
14%
Ecuador 3.6 Mil. Province Guayas
14%
Mexico 15.1 Mil. Federated State Mexico State
14%
Haiti 3 Mil. Department West
14%
Honduras 1.2 Mil. Department Cortés
0%
Guyana 310 k Region Demerara-Mahaica
0%
Saint Kitts and Nevis 13 k Parish Saint George Basseterre
0%
DominicanRepublic 3.2 Mil. Province Santo Domingo Este
0%
Trinidad and Tobago 203 k Region Tunapuna-Piarco
0%
No matching quizzes found
Score Distribution
Percent of People with Each Score
Percentile by Number Answered
Your Score History
You have not taken this quiz